[Event "Mecklenburg VP LL2 Ost 1718"]
[Site "Mecklenburg VP"]
[Date "2018.04.22"]
[Round "9.6"]
[White "Kraemer, Lothar"]
[Black "Sommer, Hans Hermann"]
[Result "0-1"]
[WhiteElo "1165"]
[BlackElo "1713"]
[PlyCount "94"]
[EventDate "2017.10.08"]
[EventType "team-tourn"]
[EventRounds "9"]
[EventCountry "GER"]
[SourceTitle "EXT 2022"]
[Source "ChessBase"]
[SourceDate "2021.10.06"]
[SourceVersion "1"]
[SourceVersionDate "2021.10.06"]
[SourceQuality "1"]
[WhiteTeam "Graal Mueritz"]
[BlackTeam "Neubrandenburg SG Eintracht II"]
[WhiteTeamCountry "GER"]
[BlackTeamCountry "GER"]

1. e4 e5 2. Nf3 Nc6 3. Bc4 Nf6 4. Nc3 Be7 5. 0-0 0-0 6. a3 d6 7. d3 Bg4 8. Be3 Na5 9. Ba2 c5 10. Re1 Nc6 11. Nd5 Nd4 12. Nxf6+ Bxf6 13. Bxd4 cxd4 14. h3 Bd7 15. Rc1 Rc8 16. c3 dxc3 17. bxc3 Qa5 18. Qb3 b5 19. Rc2 Be6 20. Qb4 Qxb4 21. axb4 Bxa2 22. Rxa2 Rxc3 23. Rd1 Rb3 24. Rxa7 Rxb4 25. Ne1 Bd8 26. Rb7 Rb2 27. Nf3 Bf6 28. Rc7 h6 29. Rdc1 Rd8 30. R1c2 Rxc2 31. Rxc2 d5 32. Rc5 dxe4 33. dxe4 Rb8 34. Nxe5 Bxe5 35. Rxe5 b4 36. Rd5 b3 37. Rd1 b2 38. Rb1 Kf8 39. Kf1 Ke7 40. Ke2 Kd6 41. f3 Ke5 42. Kd3 Kf4 43. Kc3 Kg3 44. Rxb2 Rxb2 45. Kxb2 Kxg2 46. f4 Kf3 47. Kc3 Kxe4 0-1

[Event "Mecklenburg VP LL2 Ost 1314"]
[Site "Mecklenburg VP"]
[Date "2013.11.10"]
[Round "2.8"]
[White "Kraemer, Lothar"]
[Black "Leisner, Ekkehardt"]
[Result "0-1"]
[WhiteElo "1161"]
[BlackElo "1583"]
[PlyCount "67"]
[EventDate "2013.10.27"]
[EventType "team-tourn"]
[EventRounds "9"]
[EventCountry "GER"]
[SourceTitle "EXT 2022"]
[Source "ChessBase"]
[SourceDate "2021.10.06"]
[SourceVersion "1"]
[SourceVersionDate "2021.10.06"]
[SourceQuality "1"]
[WhiteTeam "Graal Mueritz"]
[BlackTeam "Neubrandenburg SV Turbine"]
[WhiteTeamCountry "GER"]
[BlackTeamCountry "GER"]

1. e4 c5 2. Nf3 e6 3. d4 cxd4 4. Qxd4 Nc6 5. Qd1 Qc7 6. Nc3 a6 7. Be2 Nf6 8. 0-0 b5 9. a3 Be7 10. Bg5 0-0 11. Re1 Bb7 12. Bf1 h6 13. Bh4 d6 14. Bg3 Nh5 15. Bh4 Bxh4 16. Nxh4 Nf6 17. g3 Rfd8 18. Bg2 Na5 19. Qc1 Rac8 20. Re2 Nc4 21. Rb1 Nxa3 22. bxa3 Qxc3 23. Qb2 Qxb2 24. Rxb2 Rc4 25. Rb1 Bxe4 26. Bxe4 Rxe4 27. Ree1 Rc8 28. Rec1 Rec4 29. Rb2 d5 30. Nf3 d4 31. Ne5 Rc3 32. Nd3 Rxd3 33. cxd3 Rxc1+ 34. Kg2 0-1